<?xml version="1.0" encoding="UTF-8"?><?xml-stylesheet type="text/xsl" href="static/style.xsl"?><OAI-PMH xmlns="http://www.openarchives.org/OAI/2.0/" xmlns:xsi="http://www.w3.org/2001/XMLSchema-instance" xsi:schemaLocation="http://www.openarchives.org/OAI/2.0/ http://www.openarchives.org/OAI/2.0/OAI-PMH.xsd"><responseDate>2026-04-17T03:07:11Z</responseDate><request verb="GetRecord" identifier="oai:www.recercat.cat:2117/349523" metadataPrefix="marc">https://recercat.cat/oai/request</request><GetRecord><record><header><identifier>oai:recercat.cat:2117/349523</identifier><datestamp>2025-07-22T22:14:33Z</datestamp><setSpec>com_2072_1033</setSpec><setSpec>col_2072_452951</setSpec></header><metadata><record xmlns="http://www.loc.gov/MARC21/slim" xmlns:dcterms="http://purl.org/dc/terms/" xmlns:xsi="http://www.w3.org/2001/XMLSchema-instance" xmlns:doc="http://www.lyncode.com/xoai" xsi:schemaLocation="http://www.loc.gov/MARC21/slim http://www.loc.gov/standards/marcxml/schema/MARC21slim.xsd">
   <leader>00925njm 22002777a 4500</leader>
   <datafield ind2=" " ind1=" " tag="042">
      <subfield code="a">dc</subfield>
   </datafield>
   <datafield ind2=" " ind1=" " tag="720">
      <subfield code="a">Casanovas Adrián, Elias</subfield>
      <subfield code="e">author</subfield>
   </datafield>
   <datafield ind2=" " ind1=" " tag="260">
      <subfield code="c">2021-06-22</subfield>
   </datafield>
   <datafield ind2=" " ind1=" " tag="520">
      <subfield code="a">La obra tractada es el llibre de George Baird, The Space of Appearance. Un llibre que analitza les conequències de la racionalitat de la Ilustració en l'arquitectura. Analitza les seves causes y problemàtiques en el context sociopolític occidental entre finals del s. XX i els anys posteriors al maig del 68. En resposta a la seva observació proposa la fenomenología d'Hannah Arendt per redefinir l'arquitectura, la praxis de l'arquitectura i la noció d'espai públic. La forma en que s'ha abordat aquest llibre es a través de la traducció i resum com a eina d'aprenentatge i divulgació. Finalment, es construeix una críticaal fenomen contemporani del cooperativisme articulant els postulats del llibre.</subfield>
   </datafield>
   <datafield ind2=" " ind1=" " tag="520">
      <subfield code="a">La obra tratada es el librode de George Baird, The Space of Appearance. Un libro que analiza las consecuencias de la racionalidad de la Ilustración en la arquitectura. Anlaiza sus causas y problemáticas en el contecto sociopolítico occidental entre finales del s. XX y los años posteriores al mayo del 68. En respuesta a su observación propone la fenomenología de Hannah Arendt para redefinir la arquitectura, la praxis de la arquitectura y la noción de espacio público. La forma en que se ha abordado este libro es a través de la traducción y resumen como herramienta de aprendizaje y divulgación. Finalmente, se construye una crítica al fenómeno contemporáneo del cooperativismo articulando los postulados del libro.</subfield>
   </datafield>
   <datafield ind2=" " ind1=" " tag="520">
      <subfield code="a">The work treated is George Baird's book, The Space of Appearance. A book that analyzes the consequences of Enlightenment rationality in architecture. It defines its causes and problems in the western socio-political context between the end of the 20th century and the years after May 68'. In response to his observations, he proposes Hannah Arendt's phenomenology to redefine architecture, the praxis of architecture and the notion of public space. The way this book has been approached is through translation and summary as a learning and dissemination tool. Finally, a critique of the contemporary phenomenon of cooperativism is constructed by articulating the postulates of the book.</subfield>
   </datafield>
   <datafield tag="653" ind2=" " ind1=" ">
      <subfield code="a">Àrees temàtiques de la UPC::Arquitectura::Art::Estils artístics</subfield>
   </datafield>
   <datafield tag="653" ind2=" " ind1=" ">
      <subfield code="a">Architecture -- Philosophy</subfield>
   </datafield>
   <datafield tag="653" ind2=" " ind1=" ">
      <subfield code="a">Toría de la arquitectura</subfield>
   </datafield>
   <datafield tag="653" ind2=" " ind1=" ">
      <subfield code="a">Hannh Adent</subfield>
   </datafield>
   <datafield tag="653" ind2=" " ind1=" ">
      <subfield code="a">El Espacio de Aparición</subfield>
   </datafield>
   <datafield tag="653" ind2=" " ind1=" ">
      <subfield code="a">Instrumentalismo</subfield>
   </datafield>
   <datafield tag="653" ind2=" " ind1=" ">
      <subfield code="a">Organicismo</subfield>
   </datafield>
   <datafield tag="653" ind2=" " ind1=" ">
      <subfield code="a">Panoptismo</subfield>
   </datafield>
   <datafield tag="653" ind2=" " ind1=" ">
      <subfield code="a">Arquitecura y política</subfield>
   </datafield>
   <datafield tag="653" ind2=" " ind1=" ">
      <subfield code="a">pluralidad</subfield>
   </datafield>
   <datafield tag="653" ind2=" " ind1=" ">
      <subfield code="a">espacio público</subfield>
   </datafield>
   <datafield tag="653" ind2=" " ind1=" ">
      <subfield code="a">estructuralismo</subfield>
   </datafield>
   <datafield tag="653" ind2=" " ind1=" ">
      <subfield code="a">posestructuralismo</subfield>
   </datafield>
   <datafield tag="653" ind2=" " ind1=" ">
      <subfield code="a">Arquitectura -- Filosofia</subfield>
   </datafield>
   <datafield ind2="0" ind1="0" tag="245">
      <subfield code="a">Prólogo, epílogo y reescritura traducida de "El Espacio de aparición"</subfield>
   </datafield>
</record></metadata></record></GetRecord></OAI-PMH>